000 00509cam a2200205 4500
001 D7224
008 090401t1963 xxu||||| |||| 00| 0 eng d
035 _a(Sirsi) u6039
041 _aeng
050 _a634.95
100 _aMorling, Ronald J.
245 _aTrees including preservation, planting, law, highways.
250 _aRevised ed.
260 _aLondon
_bEstates Gazette
_c1963
300 _axv,172p. : ill. ; 22cm.
350 _a0
650 _aTREE ROOTS
942 _n0
948 _c04/03/1997
999 _c86241
_d86241